000 00430nam a2200145 i 4500
001 bg
100 1 _aMOROZOWSKIJ, W. T.
245 0 _aWielowymiarowe układy regulacji /
_cW.T. Morozowskij.
260 _aWarszawa,
_c1974.
040 _cBPK
041 _apol
942 _cKS
008 s pl f |000 0 pol
856 _uhttp://koha.tu.koszalin.pl/cgi-bin/koha/opac-detail.pl?biblionumber=16721
_yKatalog online BPK
999 _c16721
_d16721